TYRES - A STRESS-STRAIN STUDY - THEORY

Bibliographic Details
Main Authors: Krmela, Jan, 1978- (Author), Pešlová, Františka (Author), Janíček, Přemysl (Author)
Format: Article
Language:English
ISBN:8080700745

MARC

LEADER 00000naa a2200000uu 4500
001 vtls011076107
003 SK-MaSNL
005 20260302135123.0
008 210908|2003 xo |||||||||||||||||eng|
015 |a SNBRA 
035 |a (urnnbn)urn:nbn:sk:snk:ar-a0celi 
035 |a (uuid)666bd271-6eae-43d9-935f-1639a5a74fa5 
035 |a urn:nbn:sk:snk-aavkqi 
040 |a SNKBUCL  |b slo  |c SNKBUCL  |e AACR2 
041 0 |a eng 
044 |a xo  |c SK 
100 1 |a Krmela, Jan,  |d 1978-  |4 aut  |9 173852 
245 1 0 |a TYRES - A STRESS-STRAIN STUDY - THEORY  |c Jan Krmela, Františka Pešlová, Přemysl Janíček 
700 1 |a Pešlová, Františka  |4 aut  |9 356654 
700 1 |a Janíček, Přemysl  |4 aut  |9 772452 
773 0 |t Materials, Technologies, Design, Maintenance - Their Application in the Field of Transportation  |d In Žilina : University of Žilina, 2003  |g S. 92-95  |z 8080700745 
958 |a OND 
958 |a article12 
958 |a chapter 
999 |c 1326021  |d 1327951